| 000 | 00483nam a2200181Ia 4500 | ||
|---|---|---|---|
| 003 | GCL | ||
| 008 | 140319s9999 xx 000 0 ara d | ||
| 040 |
_aGCL / _cGCL |
||
| 082 | 0 | 4 |
_a001.94 _bر م |
| 100 | 1 | _aراجى عنايت | |
| 245 | 1 | 0 |
_aمعجزات العلاج / _cراجى عنايت |
| 300 | _a243 | ||
| 490 |
_aاغرب من الخيال _v0 |
||
| 650 | 0 | 4 | _aالعلاج |
| 650 | 0 | 4 | _aالطب النفسى |
| 650 | 0 | 4 | _aالعلاج الروحى |
| 942 |
_2ddc _cBK |
||
| 999 |
_c46050 _d46050 |
||